Listes française ayant des députés suite aux européennes 2024 - Statistiques

Statistiques générales
  • Ce quiz a été pris 199 fois
  • Le résultat moyen est 7 sur 7
Statistiques - réponses
Liste Nombre d'Eurodéputés % Correct
Rassemblement National 30
99%
La France Insoumise 9
98%
Les Républicains 6
95%
Place Publique - Parti Socialiste 13
95%
Renaissance 13
91%
Les Écologistes 5
87%
Reconquête 5
87%
Aucun quiz correspondant
Distribution des résultats
% des personnes avec chaque résultat
Percentile par nombre de réponses
Votre historique - résultats
Vous n’avez pas pris ce quiz